Italian City-States - Statistics

General Stats
  • This quiz has been taken 1,728 times
  • The average score is 6 of 15
Answer Stats
Answer % Correct
Venetian Republic
91%
Milan
87%
Florence
85%
Kingdom of Sicily
85%
Papal States
83%
Genoa
74%
Siena
30%
Modena
25%
Lucca
23%
Ferrara
21%
Savoy
20%
Montferrat
4%
Saluzzo
3%
Asti
2%
Piombino
2%
No matching quizzes found
Score Distribution
Percent of People with Each Score
Percentile by Number Answered
Your Score History
You have not taken this quiz